000 00630nam a2200217Ia 4500
005 20250326144439.0
008 250326s9999 xx 000 0 und d
020 _a978-0-7879-8839-5
037 _aTextbook
040 _aFMSL
_beng
_cFMSL
041 _aeng
_2eng
084 _aX:80bB28 P7
_qFMSL
100 _aCoscarelli W C
_9749661
245 0 _aDecision making style inventory, participent workbook
_cCoscarelli W C
260 _aSan
_bSan, Fraancisco Pfeiffer 2007
_c2007
300 _a10p
365 _b2524.473
650 _aDecision Making
942 _cTB
_hX:80bB28 P7
999 _c1303719
_d1303719